000 01124nam a2200253 i 4500
001 56507
003 ES-MaACL
005 20230906163403.0
007 t|
008 031009s1926 cu |||| |dspa d
100 1 _aDihigo y Mestre, Juan Miguel.
_944805
245 1 3 _aLa vida de la Academia de la Historia (1925-1926) /
_cmemoria leída por el secretario Juan Miguel Dihigo y Mestre, y Adolfo Bonilla y San Martín, Carlos A. Villanueva, y Emilio Bacardí y Moreau
_b; Discursos [necrológicos] leídos por Salvador Salazar y Roig, Francisco de P. Coronado y Tomás Jústiz y del Valle.
260 _aLa Habana :
_b[s.n.,
_c1926] (
_fImp. El Siglo XX)
300 _a110 p. ;
_c21 cm.
610 2 4 _aAcademia de la Historia de Cuba-
_vMemorias.
_9158598
700 1 _aBonilla y San Martín, Adolfo,
_d1875-1926
_930193
700 1 _aVillanueva, Carlos A.
_9115017
700 1 _aBacardi, Emilio.
_924436
700 1 _aSalazar y Roig, Salvador.
_9101835
700 1 _aCoronado, Francisco de Paula.
_940680
700 1 _aJustiz y del Valle, Tomás.
_967360
852 _aES-MaACL
_j1707-F-16
999 _c56507
_d56507